| 000 | 01836cam a22003854a 4500 | ||
|---|---|---|---|
| 001 | 13550488 | ||
| 003 | OSt | ||
| 005 | 20230605110844.0 | ||
| 008 | 040407s2004 enka b 001 0 eng | ||
| 010 | _a 2004048356 | ||
| 020 | _a184277560X (hb) | ||
| 040 |
_aDLC _cDLC _dDLC |
||
| 042 | _apcc | ||
| 043 | _af------ | ||
| 082 | 0 | 0 |
_a333.793/2/096 _222 _bMAR |
| 245 | 0 | 4 |
_aThe regulation of the power sector in Africa : _battracting investment and protecting the poor / _cedited by Edward Marandu and Dorcas Kayo ; contributing authors, D. Kayo ... [et al.]. |
| 260 |
_aLondon ; _aNew York : _bZed Books in association with African Energy Resource Policy Network ; _aNew York : _bDistributed in the USA exclusively by Palgrave Macmillan, _c2004. |
||
| 300 |
_axix, 354 p. : _bill., maps ; _c23 cm. |
||
| 440 | 0 | _aAfrican energy policy research series | |
| 504 | _aIncludes bibliographical references and index. | ||
| 650 | 0 |
_aElectric utilities _xGovernment policy _zAfrica. |
|
| 650 | 0 |
_aElectric industries _xLaw and legislation _zAfrica. |
|
| 650 | 0 |
_aElectric utilities _xLaw and legislation _zAfrica. |
|
| 650 | 0 |
_aIncentives in industry _zAfrica. |
|
| 650 | 0 |
_aElectric utilities _xSocial aspects _zAfrica. |
|
| 700 | 1 | _aMarandu, Edward E. | |
| 700 | 1 | _aKayo, Dorcas. | |
| 710 | 2 | _aAfrican Energy Policy Research Network. | |
| 856 | 4 | 1 |
_3Table of contents only _uhttp://www.loc.gov/catdir/toc/fy0602/2004048356.html |
| 856 | 4 | 2 |
_3Contributor biographical information _uhttp://www.loc.gov/catdir/enhancements/fy0617/2004048356-b.html |
| 856 | 4 | 2 |
_3Publisher description _uhttp://www.loc.gov/catdir/enhancements/fy0617/2004048356-d.html |
| 906 |
_a7 _bcbc _corignew _d1 _eocip _f20 _gy-gencatlg |
||
| 942 |
_2ddc _cBK |
||
| 999 |
_c291 _d291 |
||